Wichtige Giftpflanzen Deutschlands - Statistiken

Allgemein
  • Dieses Quiz wurde 23 mal gespielt
  • Das Durchschnittsergebnis liegt bei 6 aus 32
Antwortstatistiken
Bildquiz Antwort % Korrekt
Convallaria majalis
80%
Digitalis purpurea
75%
Labornum anagyroides
60%
Taxus baccata
60%
Buxus sempervirens
40%
Euonymus europaeus
35%
Ilex aquifolium
35%
Colchicum autumnale
30%
Heracleum mantegazzianum
30%
Papaver somniferum
30%
Aconitum napellus
20%
Atropa belladonna
20%
Daphne mezereum
15%
Paris quadrifolia
15%
Aconitum lycoctonum
10%
Cicuta virosa
10%
Conium maculatum
10%
Hyoscyamus niger
10%
Solanum dulcamara
10%
Aristolochia clematitis
5%
Arum maculatum
5%
Cytisus scoparius
5%
Datura stramonium
5%
Ranunculus sceleratus
5%
Veratrum album
5%
Vincetoxicum hirundinaria
5%
Adonis vernalis
0%
Agrostemma githago
0%
Bryonia dioica
0%
Clematis recta
0%
Helleborus viridis
0%
Robinia pseudoacacia
0%
Keine übereinstimmenden Quizze gefunden
Verteilung der Resultate
Anzahl Personen mit jedem Resultat
Perzentil nach korrekt beantworteten Fragen
Ihre Resultats-Entwicklung
Sie haben dieses Quiz noch nicht gespielt